000 00565nam a2200157Ia 4500
008 090123s9999 xx 000 0 und d
082 _b15890
245 _aजासुसी दुनिया (सुनहरी आग )
250 _a0
260 _bजासुसी दुनिया प्रकाशन
300 _a111
630 _aजासुसी दुनिया (सुनहरी आग )
700 _aप्रेम प्रकाश
730 _aजासुसी दुनिया (सुनहरी आग )
942 _cBOOK
999 _c53951
_d53951